[Event "Budapest Spring op 06th"]
[Site "Budapest"]
[Date "1990.??.??"]
[Round "3"]
[White "Fominyh, Alexander"]
[Black "Radnoti, Bela"]
[Result "1-0"]
[WhiteElo "2525"]
[BlackElo "2300"]
[PlyCount "100"]
[EventDate "1990.03.??"]
[EventType "swiss"]
[EventRounds "9"]
[EventCountry "HUN"]
[SourceTitle "CBM 017 Extra"]
[Source "ChessBase"]
[SourceDate "1990.09.01"]
[SourceVersion "1"]
[SourceVersionDate "1990.09.01"]
[SourceQuality "1"]

1. d4 d5 2. c4 dxc4 3. Nf3 Nf6 4. e3 e6 5. Bxc4 Be7 6. 0-0 0-0 7. Qe2 a6 8. e4 b5 9. Bd3 Bb7 10. Bg5 Nbd7 11. Rd1 Re8 12. a4 b4 13. Nbd2 c5 14. Nc4 cxd4 15. e5 Nd5 16. Qe4 g6 17. Bxe7 Qxe7 18. Nd6 Nc5 19. Qg4 Rf8 20. Nxd4 f5 21. Qg3 Ra7 22. Bc4 Kh8 23. Nxe6 Nxe6 24. Nxb7 Ndf4 25. Nd6 a5 26. Qe3 Rc7 27. Kf1 Qh4 28. Qg3 Qh5 29. Rd2 Qh6 30. Rad1 Rc5 31. h4 Rxe5 32. Bxe6 Rxe6 33. Qg5 Qxg5 34. hxg5 Re5 35. g3 Ne6 36. f4 Re3 37. Re2 Rxe2 38. Kxe2 Nc5 39. Rd5 Nxa4 40. Rxa5 Nb6 41. Rb5 Nd7 42. Rxb4 Kg8 43. Rb7 Nc5 44. Rc7 Ne6 45. Re7 Ng7 46. b4 Nh5 47. Kf3 Rb8 48. Re8+ Rxe8 49. Nxe8 Kf7 50. Nc7 Ke7 1-0

[Event "Budapest Spring op 06th"]
[Site "Budapest"]
[Date "1990.??.??"]
[Round "2"]
[White "Radnoti, Bela"]
[Black "Zeitlein, Michael"]
[Result "1/2-1/2"]
[WhiteElo "2300"]
[BlackElo "2465"]
[PlyCount "92"]
[EventDate "1990.03.??"]
[EventType "swiss"]
[EventRounds "9"]
[EventCountry "HUN"]
[SourceTitle "CBM 017 Extra"]
[Source "ChessBase"]
[SourceDate "1990.09.01"]
[SourceVersion "1"]
[SourceVersionDate "1990.09.01"]
[SourceQuality "1"]

1. d4 c5 2. c3 e6 3. Nf3 d5 4. Bf4 Qb6 5. Qb3 Nf6 6. e3 Be7 7. Nbd2 Nc6 8. h3 0-0 9. Ne5 Nxe5 10. Bxe5 Bd7 11. Be2 Rfc8 12. 0-0 Be8 13. dxc5 Bxc5 14. Bxf6 gxf6 15. Nf3 a5 16. Qc2 a4 17. a3 Bb5 18. Rad1 Bxe2 19. Qxe2 Qa6 20. Rd3 f5 21. Rfd1 Rc7 22. Nd4 Kh8 23. Qh5 Rg8 24. Nf3 f6 25. Qh4 Rf7 26. Nd4 Rg6 27. Ne2 Bf8 28. Qh5 Rfg7 29. g3 Rh6 30. Qe8 Kg8 31. Nf4 Re7 32. Qc8 Qc6 33. Qxc6 bxc6 34. h4 Kf7 35. c4 Rb7 36. cxd5 cxd5 37. R1d2 Bd6 38. Ne2 Rg6 39. Rd4 Be5 40. Rxa4 Bxb2 41. Rb4 Rxb4 42. axb4 Ba3 43. b5 Rg8 44. Ra2 Bc5 45. Rc2 Bd6 46. Rc6 Ke7 1/2-1/2

[Event "Budapest Spring op 05th"]
[Site "Budapest"]
[Date "1989.??.??"]
[Round "?"]
[White "Luther, Thomas"]
[Black "Radnoti, Bela"]
[Result "1-0"]
[WhiteElo "2415"]
[BlackElo "2290"]
[PlyCount "64"]
[EventDate "1989.03.18"]
[EventType "swiss"]
[EventRounds "9"]
[EventCountry "HUN"]
[SourceTitle "TD"]
[Source "ChessBase"]
[SourceDate "1994.03.01"]
[SourceVersion "1"]
[SourceVersionDate "1994.03.01"]
[SourceQuality "1"]

1. e4 e5 2. Nf3 Nf6 3. Nxe5 d6 4. Nf3 Nxe4 5. c4 d5 6. Nc3 Nf6 7. d4 Be7 8. Bg5 dxc4 9. Bxc4 0-0 10. 0-0 Bg4 11. Re1 Nbd7 12. Bb3 Nb6 13. Qd3 Bh5 14. Ne5 Nc8 15. Qh3 Bg6 16. Bxf6 Bxf6 17. Nd7 Bxd4 18. Nxf8 Qxf8 19. Rad1 c5 20. Nb5 Nb6 21. Nxd4 cxd4 22. Rxd4 h6 23. Qg3 Kh7 24. Qc7 Re8 25. Rxe8 Qxe8 26. Rd1 Qe2 27. h3 Qxb2 28. Bxf7 Bxf7 29. Qxf7 Qc2 30. Re1 Nc4 31. Re7 Qd1+ 32. Kh2 Qd4 1-0